Diesel engines principles and practice (Record no. 3365)

000 -LEADER
fixed length control field 00375nam a22001457a 4500
008 - FIXED-LENGTH DATA ELEMENTS--GENERAL INFORMATION
fixed length control field 200609b ||||| |||| 00| 0 eng d
082 00 - DEWEY DECIMAL CLASSIFICATION NUMBER
Classification number 621.436
Item number P8764
100 ## - MAIN ENTRY--PERSONAL NAME
9 (RLIN) 803
Personal name Pounder, C. C.
245 10 - TITLE STATEMENT
Title Diesel engines principles and practice
260 ## - PUBLICATION, DISTRIBUTION, ETC. (IMPRINT)
Place of publication, distribution, etc London
Name of publisher, distributor, etc Newnes
Date of publication, distribution, etc 1955
300 ## - PHYSICAL DESCRIPTION
Extent 28p.
365 ## - TRADE PRICE
Unit of pricing 55.13
650 #0 - SUBJECT ADDED ENTRY--TOPICAL TERM
Topical term or geographic name as entry element Diesel Motors
942 ## - ADDED ENTRY ELEMENTS (KOHA)
Item type Books
Holdings
Withdrawn status Lost status Source of classification or shelving scheme Damaged status Not for loan Permanent location Current location Date acquired Source of acquisition Full call number Barcode Date last seen Koha item type
          IMU Kolkata IMU Kolkata 1958-02-20 Bailey books and suppliers 621.436 P8764 02397 2020-06-09 Books
Designed and Maintained by IMU-KC Library, Kolkata Campus © Copyright All Rights Reserved

webs counters

Powered by Koha